00450nam a22001337a 4500008004100000020001800041040005500059080002300114245006700137260005700204300001400261650001200275700002900287230609b |||||||| |||| 00| 0 eng d a0-471-03647-1 aNational Science LibrarycNational Science Library a62:005(082.2) bL9 aTechnological innovation: bGovernment / Industry cooperation  aNew York: bA Wiley-Interscience Publication, c1979 axi, 277p. aScience aGerstenfed, Arthur (Ed.)